[Event "1. Bundesliga 2017/2018"]
[Site "Maria Enzersdorf"]
[Date "2017.11.17"]
[Round "2"]
[Board "4"]
[White "Schreiner, Peter"]
[Black "Bayer, Bernhard"]
[Result "1/2-1/2"]
[WhiteElo "2465"]
[BlackElo "2425"]
[PlyCount "101"]
[EventDate "2017.11.16"]
[EventType "team"]
[EventRounds "11"]
[EventCountry "AUT"]
[WhiteTeam "SV Raika Rapid Feffernitz"]
[BlackTeam "Schachklub Absam"]

1.d4 Nf6 2.c4 e6 3.g3 Bb4+ 4.Bd2 Qe7 5.Nf3 O-O 6.Bg2 Bxd2+ 7.Qxd2 d6 8.Nc3 e5 9.O-O
c6 10.e4 Na6 11.h3 Re8 12.Rfe1 Bd7 13.a3 Rad8 14.b4 Nc7 15.Rad1 Bc8 16.Qb2 h6 17.Kh2
Nh7 18.d5 cxd5 19.exd5 f5 20.c5 e4 21.Nd2 dxc5 22.Nc4 cxb4 23.d6 Qf7 24.Qxb4 Na6 25.Qb5
Bd7 26.Ne5 Bxb5 27.Nxf7 Kxf7 28.Nxb5 Ng5 29.Rd5 Ke6 30.Red1 Rd7 31.Bf1 Rc8 32.Kg2
Nf3 33.Nxa7 Rc2 34.Bb5 Rd8 35.d7 Nc7 36.Rd6+ Kf7 37.Rb6 Ne5 38.Ba4 Rc3 39.Rxb7 Rxa3
40.Nc6 Nxc6 41.Bxc6 Ne6 42.Rb5 g6 43.h4 h5 44.Bd5 Ra6 45.Bb7 Ra7 46.Bc8 Ra2 47.Kg1
Ke7 48.Rb6 Nf8 49.Kf1 Ra5 50.Ke2 Ra2+ 51.Kf1 1/2-1/2

[Event "1. Bundesliga 2017/2018"]
[Site "Maria Enzersdorf"]
[Date "2017.11.17"]
[Round "2"]
[Board "5"]
[White "Lehner, Oliver"]
[Black "Sebenik, Matej"]
[Result "0-1"]
[WhiteElo "2402"]
[BlackElo "2562"]
[PlyCount "80"]
[EventDate "2017.11.16"]
[EventType "team"]
[EventRounds "11"]
[EventCountry "AUT"]
[WhiteTeam "Schachklub Absam"]
[BlackTeam "SV Raika Rapid Feffernitz"]

1.d4 Nf6 2.g3 d5 3.Bg2 c6 4.Nf3 Bf5 5.O-O e6 6.b3 Nbd7 7.c4 Bd6 8.Nc3 h6 9.Nd2 O-O
10.e4 Bb4 11.Bb2 Bxc3 12.Bxc3 Nxe4 13.Nxe4 Bxe4 14.Bxe4 dxe4 15.f3 Nf6 16.Qe2 exf3
17.Rxf3 Nh7 18.h4 Qd6 19.Re1 Rfe8 20.g4 Rad8 21.Qf2 Rd7 22.Rf1 f6 23.Qe3 b6 24.R1f2
Qe7 25.Qe4 c5 26.dxc5 bxc5 27.Kg2 e5 28.Rg3 Qe6 29.Bd2 Rd4 30.Qe2 Qc6+ 31.Kh2 Red8
32.Be3 Rd1 33.Rfg2 Nf8 34.Qf2 Ng6 35.Rh3 e4 36.Qf5 Ne5 37.g5 Nf3+ 38.Rxf3 exf3 39.Rf2
Re8 40.Qxc5 Qe4 0-1

[Event "1. Bundesliga 2017/2018"]
[Site "Maria Enzersdorf"]
[Date "2017.11.17"]
[Round "2"]
[Board "6"]
[White "Zorko, Jure"]
[Black "De Francesco, Klaus"]
[Result "0-1"]
[WhiteElo "2462"]
[BlackElo "2295"]
[PlyCount "90"]
[EventDate "2017.11.16"]
[EventType "team"]
[EventRounds "11"]
[EventCountry "AUT"]
[WhiteTeam "SV Raika Rapid Feffernitz"]
[BlackTeam "Schachklub Absam"]

1.d4 d5 2.c4 c6 3.Nf3 Nf6 4.Nc3 a6 5.e3 g6 6.Be2 Bg7 7.O-O O-O 8.h3 b5 9.cxd5 cxd5
10.b4 Ne4 11.Bb2 Qd6 12.Nxe4 dxe4 13.Nd2 Qxb4 14.Qc1 Bb7 15.Ba3 Qa5 16.Bxe7 Rc8 17.Qb2
Bd5 18.Nb3 Qb6 19.Rfc1 Nd7 20.Bb4 h5 21.Bd1 Kh7 22.Qd2 f5 23.Nc5 Nf6 24.Ba5 Qd6 25.Be2
g5 26.a4 g4 27.hxg4 Nxg4 28.g3 Bh6 29.Bxg4 fxg4 30.Bb4 Qd8 31.axb5 axb5 32.Rxa8 Rxa8
33.Qc2 Ra2 34.Qb1 Qe8 35.Nb3 Ra7 36.Nd2 h4 37.gxh4 g3 38.f4 Qe6 39.Rc2 g2 40.Nf3 Qh3
41.Nh2 Qxe3+ 42.Rf2 Qxd4 43.Qb2 Qd1+ 44.Kxg2 e3+ 45.Rf3 Rg7+ 0-1

[Event "1. Bundesliga 2017/2018"]
[Site "Maria Enzersdorf"]
[Date "2017.11.17"]
[Round "2"]
[Board "1"]
[White "Studer, Noël"]
[Black "Schneider, Ilja"]
[Result "0-1"]
[WhiteElo "2463"]
[BlackElo "2513"]
[PlyCount "84"]
[EventDate "2017.11.16"]
[EventType "team"]
[EventRounds "11"]
[EventCountry "AUT"]
[WhiteTeam "SIR Royal Salzburg"]
[BlackTeam "ASVOE Wulkaprodersdorf"]

1.e4 e5 2.Nf3 d6 3.d4 exd4 4.Nxd4 Nf6 5.Nc3 Be7 6.g3 O-O 7.Bg2 Nc6 8.Nde2 a5 9.O-O
a4 10.a3 Re8 11.h3 h5 12.f4 Be6 13.Nd5 Bf8 14.Nec3 Bxd5 15.exd5 Ne7 16.f5 c6 17.dxc6
Qb6+ 18.Kh1 bxc6 19.Bg5 Ned5 20.Nxd5 Nxd5 21.Qxh5 Ne3 22.Bxe3 Rxe3 23.g4 Ra5 24.g5
Qxb2 25.Qg4 Qe5 26.g6 Qg3 27.Qc4 d5 28.Qxc6 Rc5 29.gxf7+ Kh7 30.Qg6+ Qxg6 31.fxg6+
Kxg6 32.Rab1 Rxc2 33.Rb6+ Kh7 34.Rb8 Bxa3 35.f8=Q Bxf8 36.Rbxf8 a3 37.Ra8 d4 38.Ra1
d3 39.R8xa3 d2 40.Rd1 Rc1 41.Rxe3 Rxd1+ 42.Kh2 Re1 0-1

[Event "1. Bundesliga 2017/2018"]
[Site "Maria Enzersdorf"]
[Date "2017.11.17"]
[Round "2"]
[Board "2"]
[White "Nagy, Gabor"]
[Black "Postny, Evgeny"]
[Result "0-1"]
[WhiteElo "2481"]
[BlackElo "2575"]
[PlyCount "72"]
[EventDate "2017.11.16"]
[EventType "team"]
[EventRounds "11"]
[EventCountry "AUT"]
[WhiteTeam "ASVOE Wulkaprodersdorf"]
[BlackTeam "SIR Royal Salzburg"]

1.e4 e5 2.Nf3 Nc6 3.Bb5 a6 4.Ba4 Nf6 5.d4 exd4 6.O-O Be7 7.e5 Ne4 8.Nxd4 O-O 9.Nf5
d5 10.Nxe7+ Nxe7 11.c3 Nc5 12.Bc2 Bf5 13.Na3 Ne6 14.f4 Bxc2 15.Nxc2 f5 16.exf6 Rxf6
17.g4 Nc5 18.f5 Ne4 19.Nd4 Qd7 20.Bf4 c5 21.Nf3 h5 22.Ne5 Qe8 23.h3 Rd8 24.Qb3 hxg4
25.hxg4 Nxf5 26.gxf5 Rxf5 27.Rae1 Rxe5 28.Bxe5 Qxe5 29.Qxb7 Qg3+ 30.Kh1 Qh3+ 31.Kg1
Qg3+ 32.Kh1 Rd6 33.Qf7+ Kh7 34.Qf5+ Rg6 35.Re2 Qh4+ 36.Rh2 Ng3+ 0-1

[Event "1. Bundesliga 2017/2018"]
[Site "Maria Enzersdorf"]
[Date "2017.11.17"]
[Round "2"]
[Board "3"]
[White "Mons, Leon"]
[Black "Yankelevich, Lev"]
[Result "1/2-1/2"]
[WhiteElo "2542"]
[BlackElo "2411"]
[PlyCount "60"]
[EventDate "2017.11.16"]
[EventType "team"]
[EventRounds "11"]
[EventCountry "AUT"]
[WhiteTeam "SIR Royal Salzburg"]
[BlackTeam "ASVOE Wulkaprodersdorf"]

1.c4 f5 2.d4 Nf6 3.e3 d6 4.Nf3 g6 5.Be2 Bg7 6.b4 e5 7.dxe5 Ng4 8.Bb2 Nc6 9.Qd2 Ngxe5
10.b5 Qf6 11.Nc3 Nxf3+ 12.gxf3 Ne7 13.O-O-O b6 14.Nd5 Qxb2+ 15.Qxb2 Bxb2+ 16.Kxb2
Kd7 17.f4 Bb7 18.Bf3 Nxd5 19.cxd5 a6 20.Be2 axb5 21.Bxb5+ c6 22.Bxc6+ Bxc6 23.dxc6+
Kxc6 24.Rd4 Ra5 25.Rhd1 d5 26.R1d3 Rha8 27.a3 Rc5 28.a4 b5 29.Ra3 bxa4 30.Rdxa4 Rb8+ 1/2-1/2

[Event "1. Bundesliga 2017/2018"]
[Site "Maria Enzersdorf"]
[Date "2017.11.17"]
[Round "2"]
[Board "4"]
[White "Mesaros, Florian"]
[Black "Seyb, Alexander"]
[Result "0-1"]
[WhiteElo "2424"]
[BlackElo "2395"]
[PlyCount "90"]
[EventDate "2017.11.16"]
[EventType "team"]
[EventRounds "11"]
[EventCountry "AUT"]
[WhiteTeam "ASVOE Wulkaprodersdorf"]
[BlackTeam "SIR Royal Salzburg"]

1.Nf3 g6 2.e4 d6 3.d4 Nf6 4.Nc3 Bg7 5.Be2 O-O 6.O-O c6 7.a4 Qc7 8.e5 dxe5 9.Nxe5 Nbd7
10.Bf4 Nxe5 11.dxe5 Nd5 12.Nxd5 cxd5 13.Qxd5 Rd8 14.Qb5 a6 15.Qb4 Bxe5 16.Bxe5 Qxe5
17.Bf3 a5 18.Rfe1 axb4 19.Rxe5 Rd2 20.Rxe7 Rxc2 21.h4 Kf8 22.Rae1 Be6 23.Rxb7 Rxa4
24.Rb1 b3 25.h5 Ra2 26.h6 Rcxb2 27.Re1 Rd2 28.Rb8+ Ke7 29.Rxb3 Kf6 30.Rb5 Rxf2 31.Re4
g5 32.Re3 Kg6 33.Ree5 g4 34.Be4+ Kxh6 35.Rh5+ Kg7 36.Rxh7+ Kf6 37.Rh6+ Ke7 38.Rb1
Rfe2 39.Bb7 Reb2 40.Rxb2 Rxb2 41.Ba8 g3 42.Kf1 Bg4 43.Be4 Rf2+ 44.Kg1 Re2 45.Bd3 Re1+ 0-1

[Event "1. Bundesliga 2017/2018"]
[Site "Maria Enzersdorf"]
[Date "2017.11.17"]
[Round "2"]
[Board "5"]
[White "Hilverda, Alexander"]
[Black "Volkmann, Friedrich Karl"]
[Result "0-1"]
[WhiteElo "2368"]
[BlackElo "2403"]
[PlyCount "78"]
[EventDate "2017.11.16"]
[EventType "team"]
[EventRounds "11"]
[EventCountry "AUT"]
[WhiteTeam "SIR Royal Salzburg"]
[BlackTeam "ASVOE Wulkaprodersdorf"]

1.d4 d5 2.c4 c6 3.Nf3 Nf6 4.Nc3 e6 5.g3 dxc4 6.Bg2 Nbd7 7.O-O b5 8.e4 Bb7 9.e5 Nd5
10.Ng5 Nxc3 11.bxc3 Be7 12.Qh5 g6 13.Qh6 Bf8 14.Qh3 Be7 15.Ne4 h5 16.a4 bxa4 17.Ba3
Kf8 18.Nd6 Rb8 19.g4 Kg7 20.Be4 Bxd6 21.Bxd6 c5 22.Bxb7 Rxb7 23.dxc5 Rb5 24.Rxa4 Nxc5
25.Rxc4 hxg4 26.Qxg4 Nb7 27.Bc7 Qe7 28.Rd1 Rh5 29.h4 Rc5 30.Rxc5 Qxc5 31.Bd6 Qxc3
32.Qe4 Nc5 33.Qf4 Nd7 34.Rc1 Qb2 35.Re1 Rf5 36.Qe3 Qb6 37.Qe2 Qd4 38.Rd1 Qxh4 39.Qe3
Qg4+ 0-1

[Event "1. Bundesliga 2017/2018"]
[Site "Maria Enzersdorf"]
[Date "2017.11.17"]
[Round "2"]
[Board "6"]
[White "Wallner, Joachim"]
[Black "Klek, Hanna Marie"]
[Result "0-1"]
[WhiteElo "2311"]
[BlackElo "2327"]
[PlyCount "114"]
[EventDate "2017.11.16"]
[EventType "team"]
[EventRounds "11"]
[EventCountry "AUT"]
[WhiteTeam "ASVOE Wulkaprodersdorf"]
[BlackTeam "SIR Royal Salzburg"]

1.c4 e5 2.Nc3 Nc6 3.g3 f5 4.Bg2 Nf6 5.d3 Bb4 6.Bd2 Bxc3 7.Bxc3 d6 8.e3 O-O 9.Ne2 Qe8
10.O-O Qh5 11.d4 a5 12.b3 Nd8 13.Bb2 Nf7 14.Nc3 Qh6 15.Nd5 Nxd5 16.Bxd5 e4 17.f4 exf3
18.Qxf3 c6 19.Bxf7+ Rxf7 20.d5 Bd7 21.Qf4 Qxf4 22.exf4 cxd5 23.cxd5 Bb5 24.Rfe1 Bd3
25.Re6 Rd7 26.Ba3 Ra6 27.Rc1 Be4 28.Rc8+ Kf7 29.Ree8 a4 30.bxa4 Rxa4 31.Rf8+ Kg6 32.Ra8
Rxa8 33.Rxa8 Bxd5 34.Bb4 Be4 35.a4 d5 36.Ba5 d4 37.Rd8 Bc6 38.Rxd7 Bxd7 39.Bb6 d3
40.Kf2 Bxa4 41.Ke3 Bb5 42.h3 Kh5 43.Bd4 g6 44.Bc3 h6 45.Bd2 g5 46.Kd4 Bc6 47.Ke5 Bg2
48.Kxf5 Bxh3+ 49.Ke4 gxf4 50.gxf4 Kg6 51.Kxd3 Kf5 52.Ke3 h5 53.Bb4 Bg4 54.Be7 b5 55.Bg5
b4 56.Kd3 b3 57.Kc3 Bd1 0-1

[Event "1. Bundesliga 2017/2018"]
[Site "Maria Enzersdorf"]
[Date "2017.11.17"]
[Round "2"]
[Board "1"]
[White "Bindrich, Falko"]
[Black "Bosiocic, Marin"]
[Result "1/2-1/2"]
[WhiteElo "2588"]
[BlackElo "2605"]
[PlyCount "106"]
[EventDate "2017.11.16"]
[EventType "team"]
[EventRounds "11"]
[EventCountry "AUT"]
[WhiteTeam "SK Hohenems"]
[BlackTeam "SV Pillenkoenig St. Veit"]

1.d4 Nf6 2.c4 e6 3.Nc3 Bb4 4.Qc2 d5 5.a3 Bxc3+ 6.Qxc3 O-O 7.Bg5 h6 8.Bxf6 Qxf6 9.Nf3
dxc4 10.Qxc4 Nc6 11.Qc3 Re8 12.Rd1 e5 13.d5 Nb8 14.e4 c6 15.Bc4 cxd5 16.Bxd5 Nd7 17.O-O
Nb6 18.h3 Nxd5 19.Rxd5 Be6 20.Rd2 Rac8 21.Qe3 b6 22.Rfd1 Rc4 23.Rd6 Rec8 24.R6d2 Kh7
25.Rd6 Kg8 26.R6d2 Kh8 27.Rd6 Kh7 28.R6d2 g5 29.Rd6 Rg8 30.Qd3 Rcc8 31.Nh2 h5 32.Nf1
g4 33.hxg4 Qg5 34.Ne3 Bxg4 35.Nxg4 Qxg4 36.g3 h4 37.Kg2 Rg5 38.Rh1 Kg7 39.Rh3 Rc1
40.Qe3 Rc2 41.b4 hxg3 42.Qxg5+ Qxg5 43.Rxg3 Qxg3+ 44.Kxg3 Rc3+ 45.Kg4 Rxa3 46.Kf5
Rf3+ 47.Kxe5 Rxf2 48.Rd7 Rb2 49.Rxa7 Rxb4 50.Kf5 Rb1 51.Rb7 b5 52.e5 b4 53.e6 Rf1+ 1/2-1/2

[Event "1. Bundesliga 2017/2018"]
[Site "Maria Enzersdorf"]
[Date "2017.11.17"]
[Round "2"]
[Board "2"]
[White "Brkic, Ante"]
[Black "Martinovic, Sasa"]
[Result "1/2-1/2"]
[WhiteElo "2596"]
[BlackElo "2594"]
[PlyCount "134"]
[EventDate "2017.11.16"]
[EventType "team"]
[EventRounds "11"]
[EventCountry "AUT"]
[WhiteTeam "SV Pillenkoenig St. Veit"]
[BlackTeam "SK Hohenems"]

1.e4 c5 2.Nf3 Nc6 3.d4 cxd4 4.Nxd4 Nf6 5.Nc3 d6 6.Bg5 e6 7.Qd2 a6 8.Nxc6 bxc6 9.O-O-O
Be7 10.Bxf6 gxf6 11.Bc4 Rb8 12.Rhe1 Qb6 13.Bb3 c5 14.Na4 Qb4 15.Qd3 Bd7 16.Qxa6 c4
17.c3 Qb5 18.Qxb5 Bxb5 19.Bc2 Ra8 20.b3 Bxa4 21.bxa4 Kd7 22.Kd2 Rhb8 23.Rb1 f5 24.exf5
Bg5+ 25.Ke2 Bf6 26.Kd2 Bg5+ 27.Ke2 Bf6 28.fxe6+ fxe6 29.Rxb8 Rxb8 30.Rb1 Rxb1 31.Bxb1
h6 32.Kd2 Bg5+ 33.Kd1 Bf6 34.Kd2 Bg5+ 35.Kc2 Kc6 36.Kb2 Bd8 37.Bg6 d5 38.f4 Bc7 39.g3
Bb6 40.Bf7 Kd6 41.h3 Ke7 42.Bg8 Bc7 43.g4 Bxf4 44.a5 Bd6 45.a6 Bc5 46.h4 Kf6 47.a4
Ke5 48.a5 Kf6 49.h5 Ke5 50.g5 hxg5 51.h6 Kf6 52.Bxe6 Kg6 53.Bxd5 Kxh6 54.Bxc4 Kg6
55.Kb3 Kf5 56.Ka4 Ke5 57.Kb5 Kd6 58.Be2 Ba7 59.c4 Bd4 60.a7 Bxa7 61.Ka6 Be3 62.Kb7
Bf2 63.a6 Be3 64.a7 Bxa7 65.Kxa7 Kc5 66.Ka6 g4 67.Bxg4 Kxc4 1/2-1/2

[Event "1. Bundesliga 2017/2018"]
[Site "Maria Enzersdorf"]
[Date "2017.11.17"]
[Round "2"]
[Board "3"]
[White "Henrichs, Thomas"]
[Black "Kuljasevic, Davorin"]
[Result "1-0"]
[WhiteElo "2476"]
[BlackElo "2538"]
[PlyCount "80"]
[EventDate "2017.11.16"]
[EventType "team"]
[EventRounds "11"]
[EventCountry "AUT"]
[WhiteTeam "SK Hohenems"]
[BlackTeam "SV Pillenkoenig St. Veit"]

1.e4 e5 2.Nf3 Nc6 3.Bb5 a6 4.Ba4 Nf6 5.O-O Be7 6.Re1 b5 7.Bb3 d6 8.c3 O-O 9.h3 Na5
10.Bc2 c5 11.d4 Nd7 12.Kh1 Rb8 13.d5 Nb6 14.g4 Bd7 15.Rg1 Nb7 16.Nbd2 c4 17.Nf1 Kh8
18.Ng3 g6 19.Be3 Na4 20.Rb1 Nac5 21.Qd2 Qc7 22.Bh6 Rg8 23.Nh2 f6 24.Be3 Nd8 25.f4
exf4 26.Bxf4 Nf7 27.Be3 Ne5 28.Bd4 Bf8 29.Rbf1 Bg7 30.h4 Nxg4 31.h5 f5 32.Nxg4 fxg4
33.Rf7 Qd8 34.Rxg7 Rxg7 35.h6 Qh4+ 36.Qh2 Qxh2+ 37.Kxh2 Kg8 38.Bxg7 b4 39.cxb4 Rxb4
40.Rf1 Rb8 1-0

[Event "1. Bundesliga 2017/2018"]
[Site "Maria Enzersdorf"]
[Date "2017.11.17"]
[Round "2"]
[Board "4"]
[White "Rogic, Davor"]
[Black "Froewis, Georg"]
[Result "1-0"]
[WhiteElo "2515"]
[BlackElo "2438"]
[PlyCount "105"]
[EventDate "2017.11.16"]
[EventType "team"]
[EventRounds "11"]
[EventCountry "AUT"]
[WhiteTeam "SV Pillenkoenig St. Veit"]
[BlackTeam "SK Hohenems"]

1.e4 c5 2.Nf3 d6 3.d4 cxd4 4.Nxd4 Nf6 5.Nc3 g6 6.h3 Nc6 7.Nde2 Bg7 8.g4 Rb8 9.a4 a6
10.Bg2 b5 11.axb5 axb5 12.O-O O-O 13.Be3 b4 14.Nd5 Nd7 15.Ra2 e6 16.Ndf4 Nde5 17.b3
Bb7 18.Qd2 Qc7 19.Rd1 Rfd8 20.Ng3 Ra8 21.Rxa8 Bxa8 22.Nfe2 d5 23.exd5 exd5 24.Nd4
Qe7 25.Nge2 Qc7 26.Bg5 Rc8 27.Bf4 Nxd4 28.Nxd4 Qc5 29.Be3 Qa5 30.Bh6 Bf6 31.Bg5 Bg7
32.Be7 Bf8 33.Bxf8 Rxf8 34.Qg5 Qc7 35.Qf6 Nc6 36.Nb5 Qe7 37.Qxe7 Nxe7 38.Re1 Nc8 39.Nc7
Nb6 40.Na6 Rc8 41.Nxb4 Kg7 42.f4 h6 43.Kf2 g5 44.Rd1 Kf6 45.Rd4 Ke6 46.Ke3 f5 47.Bf3
Rc3+ 48.Ke2 gxf4 49.Rxf4 fxg4 50.Bxg4+ Ke7 51.Bf3 Rc8 52.Kd3 Rg8 53.Kd4 1-0

[Event "1. Bundesliga 2017/2018"]
[Site "Maria Enzersdorf"]
[Date "2017.11.17"]
[Round "2"]
[Board "5"]
[White "Atlas, Valery"]
[Black "Koop, Thorben"]
[Result "1/2-1/2"]
[WhiteElo "2456"]
[BlackElo "2350"]
[PlyCount "69"]
[EventDate "2017.11.16"]
[EventType "team"]
[EventRounds "11"]
[EventCountry "AUT"]
[WhiteTeam "SK Hohenems"]
[BlackTeam "SV Pillenkoenig St. Veit"]

1.e4 e6 2.d4 d5 3.Nc3 Nf6 4.e5 Nfd7 5.Nce2 c5 6.f4 Nc6 7.c3 Qb6 8.Nf3 Be7 9.a3 a5
10.g3 a4 11.Bh3 Qb3 12.O-O Qxd1 13.Rxd1 Nb6 14.Ne1 cxd4 15.cxd4 Na5 16.Rb1 Bd7 17.Bd2
Nb3 18.Bb4 Nc4 19.Bxe7 Kxe7 20.Nf3 Rhc8 21.Kf2 b5 22.f5 exf5 23.Nf4 Be6 24.Bg2 Rab8
25.Nd3 g5 26.Nb4 g4 27.Ng1 Ncd2 28.Ne2 Nxb1 29.Rxb1 Nd2 30.Rd1 Ne4+ 31.Ke3 Rc4 32.Nf4
Rxb4 33.axb4 Rc8 34.Re1 Rc2 35.Re2 1/2-1/2

[Event "1. Bundesliga 2017/2018"]
[Site "Maria Enzersdorf"]
[Date "2017.11.17"]
[Round "2"]
[Board "6"]
[White "Hoelzl, Franz"]
[Black "Baenziger, Fabian"]
[Result "0-1"]
[WhiteElo "2313"]
[BlackElo "2365"]
[PlyCount "102"]
[EventDate "2017.11.16"]
[EventType "team"]
[EventRounds "11"]
[EventCountry "AUT"]
[WhiteTeam "SV Pillenkoenig St. Veit"]
[BlackTeam "SK Hohenems"]

1.g3 Nf6 2.Bg2 g6 3.e4 d6 4.d4 Bg7 5.Ne2 O-O 6.O-O c5 7.Nbc3 cxd4 8.Nxd4 Nc6 9.Nde2
Rb8 10.h3 b5 11.Bg5 Nd7 12.a3 Nde5 13.Qc1 a5 14.Kh2 Nc4 15.Bh6 b4 16.axb4 axb4 17.Bxg7
Kxg7 18.Nd5 e6 19.Ndf4 Qb6 20.b3 N4e5 21.Qb2 Ba6 22.Rad1 Rbd8 23.Nd3 Kg8 24.f4 Nxd3
25.cxd3 e5 26.f5 f6 27.h4 Kg7 28.g4 Rc8 29.Rf3 Nd4 30.Nxd4 Qxd4 31.Qxd4 exd4 32.Ra1
Bb5 33.fxg6 Kxg6 34.Ra5 Rc5 35.Kg3 Rf7 36.Bf1 Re5 37.Ra8 Re8 38.Rxe8 Bxe8 39.Rf5 Rb7
40.Bg2 Rb6 41.g5 fxg5 42.Rxg5+ Kf6 43.Rf5+ Ke7 44.e5 Bg6 45.exd6+ Rxd6 46.Rb5 Bxd3
47.Rxb4 Bc2 48.Kf4 Kf6 49.Rb5 d3 50.Rf5+ Kg6 51.Be4 Rd4 0-1

[Event "1. Bundesliga 2017/2018"]
[Site "Maria Enzersdorf"]
[Date "2017.11.17"]
[Round "2"]
[Board "1"]
[White "Ragger, Markus"]
[Black "Jobava, Baadur"]
[Result "1/2-1/2"]
[WhiteElo "2673"]
[BlackElo "2669"]
[PlyCount "45"]
[EventDate "2017.11.16"]
[EventType "team"]
[EventRounds "11"]
[EventCountry "AUT"]
[WhiteTeam "SC MPOE Maria Saal"]
[BlackTeam "Schachklub Sparkasse Jenbach"]

1.e4 c6 2.Nf3 d5 3.Nc3 Bg4 4.h3 Bxf3 5.Qxf3 e6 6.Be2 g6 7.d4 Bg7 8.Be3 Ne7 9.h4 h5
10.O-O-O Nd7 11.Bg5 Qb6 12.exd5 cxd5 13.Rhe1 Bh6 14.Bxh6 Rxh6 15.Qf4 Rh7 16.Nb5 Kf8
17.Bd3 Rd8 18.Re3 Kg8 19.Qg5 Re8 20.Qg3 Rd8 21.Qg5 Re8 22.Qg3 Rd8 23.Qg5 1/2-1/2

[Event "1. Bundesliga 2017/2018"]
[Site "Maria Enzersdorf"]
[Date "2017.11.17"]
[Round "2"]
[Board "2"]
[White "Nisipeanu, Liviu-Dieter"]
[Black "Predojevic, Borki"]
[Result "1/2-1/2"]
[WhiteElo "2681"]
[BlackElo "2640"]
[PlyCount "61"]
[EventDate "2017.11.16"]
[EventType "team"]
[EventRounds "11"]
[EventCountry "AUT"]
[WhiteTeam "Schachklub Sparkasse Jenbach"]
[BlackTeam "SC MPOE Maria Saal"]

1.d4 Nf6 2.c4 e6 3.Nc3 Bb4 4.e3 O-O 5.Bd3 d5 6.cxd5 exd5 7.Nge2 Re8 8.Bd2 a6 9.O-O
Bf8 10.Nf4 b6 11.Qb3 Bb7 12.Rad1 Ra7 13.Bc1 Bd6 14.Bb1 Bxf4 15.exf4 c5 16.Qc2 Ba8
17.f3 cxd4 18.Rxd4 Rd7 19.Qf2 Nc6 20.Rdd1 d4 21.Ne4 Nd5 22.Rde1 f5 23.Ng3 g6 24.Rxe8+
Qxe8 25.a3 b5 26.Bd2 Ne3 27.Re1 Re7 28.b3 Nd5 29.Rc1 Bb7 30.Bd3 Qf7 31.Ne2 1/2-1/2

[Event "1. Bundesliga 2017/2018"]
[Site "Maria Enzersdorf"]
[Date "2017.11.17"]
[Round "2"]
[Board "3"]
[White "Naumann, Alexander"]
[Black "Volokitin, Andrei"]
[Result "1/2-1/2"]
[WhiteElo "2551"]
[BlackElo "2632"]
[PlyCount "55"]
[EventDate "2017.11.16"]
[EventType "team"]
[EventRounds "11"]
[EventCountry "AUT"]
[WhiteTeam "SC MPOE Maria Saal"]
[BlackTeam "Schachklub Sparkasse Jenbach"]

1.e4 c5 2.Nf3 d6 3.Bb5+ Nd7 4.O-O a6 5.Bd3 Ngf6 6.Re1 e6 7.c3 b5 8.Bc2 c4 9.a4 Bb7
10.d4 cxd3 11.Qxd3 Nc5 12.Qe2 bxa4 13.e5 dxe5 14.Nxe5 Qd5 15.f3 Bd6 16.Nd2 Nb3 17.Ndc4
Bxe5 18.Nxe5 Nxa1 19.Bxa4+ Ke7 20.b3 Kf8 21.Ba3+ Kg8 22.Rxa1 h5 23.Rd1 Qa5 24.Nc4
Qxc3 25.Rd3 Qa1+ 26.Rd1 Qc3 27.Rd3 Qa1+ 28.Rd1 1/2-1/2

[Event "1. Bundesliga 2017/2018"]
[Site "Maria Enzersdorf"]
[Date "2017.11.17"]
[Round "2"]
[Board "4"]
[White "Bluebaum, Matthias"]
[Black "Buhmann, Rainer"]
[Result "1/2-1/2"]
[WhiteElo "2616"]
[BlackElo "2589"]
[PlyCount "112"]
[EventDate "2017.11.16"]
[EventType "team"]
[EventRounds "11"]
[EventCountry "AUT"]
[WhiteTeam "Schachklub Sparkasse Jenbach"]
[BlackTeam "SC MPOE Maria Saal"]

1.d4 d5 2.c4 e6 3.Nf3 Nf6 4.g3 dxc4 5.Bg2 c5 6.O-O Nc6 7.dxc5 Qxd1 8.Rxd1 Bxc5 9.Nfd2
Na5 10.Na3 Bxa3 11.bxa3 Nd5 12.Ne4 O-O 13.Bd2 b6 14.Rac1 Rb8 15.Nd6 Rd8 16.e4 Rxd6
17.exd5 f6 18.Re1 Bb7 19.Bxa5 bxa5 20.dxe6 Bxg2 21.Kxg2 Rc6 22.Re4 c3 23.Re3 c2 24.Re2
Rbc8 25.e7 Kf7 26.Rcxc2 Rxc2 27.e8=Q+ Rxe8 28.Rxc2 Re4 29.Rc7+ Kg6 30.Kf3 Ra4 31.Rc3
Kf5 32.h3 h5 33.Ke3 Ke5 34.h4 Kf5 35.Kf3 g6 36.Kg2 Ke5 37.Re3+ Re4 38.Rb3 Ke6 39.Rb5
Ra4 40.Rb3 Rc4 41.Rb5 Ra4 42.Rb3 Kd5 43.Rf3 Ke5 44.Rc3 a6 45.Kf1 Kd5 46.Rf3 f5 47.Rb3
Ke6 48.Kg2 f4 49.Kf3 fxg3 50.fxg3 Ke5 51.Re3+ Kd5 52.Rd3+ Ke5 53.Re3+ Kf5 54.Rc3 Ke5
55.Re3+ Kd5 56.Rd3+ Ke5 1/2-1/2

[Event "1. Bundesliga 2017/2018"]
[Site "Maria Enzersdorf"]
[Date "2017.11.17"]
[Round "2"]
[Board "5"]
[White "Halvax, Georg"]
[Black "Wagner, Dennis"]
[Result "1/2-1/2"]
[WhiteElo "2434"]
[BlackElo "2550"]
[PlyCount "192"]
[EventDate "2017.11.16"]
[EventType "team"]
[EventRounds "11"]
[EventCountry "AUT"]
[WhiteTeam "SC MPOE Maria Saal"]
[BlackTeam "Schachklub Sparkasse Jenbach"]

1.Nf3 d5 2.g3 Nd7 3.Bg2 e5 4.d3 Ngf6 5.O-O c6 6.Nbd2 Bd6 7.e4 O-O 8.c3 Re8 9.Re1 a5
10.Qc2 dxe4 11.dxe4 Bc5 12.Nf1 Qc7 13.Nh4 g6 14.Bg5 Ng4 15.Re2 h6 16.Bc1 Bf8 17.h3
Ngf6 18.Be3 Nc5 19.Kh2 b6 20.Rd2 Ba6 21.Rad1 Rad8 22.b4 Rxd2 23.Rxd2 axb4 24.cxb4
Ne6 25.a3 c5 26.bxc5 bxc5 27.Rd1 Qa5 28.Qc1 Qa4 29.Re1 Kh7 30.f4 exf4 31.gxf4 Nxe4
32.Bxe4 Qxe4 33.Bxc5 Qd5 34.Bxf8 Rxf8 35.f5 gxf5 36.Ng3 f4 37.Ne4 Qa2+ 38.Qd2 Qxd2+
39.Nxd2 Rc8 40.Ne4 Rc2+ 41.Kg1 Ra2 42.Nf6+ Kg7 43.Nh5+ Kf8 44.Ng6+ fxg6 45.Rxe6 Ra1+
46.Kf2 Rf1+ 47.Kg2 f3+ 48.Kh2 Rf2+ 49.Kg3 Rg2+ 50.Kxf3 Bb7+ 51.Kf4 Rf2+ 52.Kg3 Rg2+
53.Kf4 gxh5 54.Rxh6 Rf2+ 55.Kg5 Bf3 56.Rf6+ Ke7 57.Rf4 Rg2+ 58.Kh4 Be2 59.Re4+ Kf6
60.Re3 Kf5 61.a4 Kf4 62.Re8 Bd3 63.Rf8+ Bf5 64.Kxh5 Rg3 65.h4 Rg7 66.Rh8 Ke5 67.Re8+
Kf4 68.Rh8 Ke5 69.Re8+ Be6 70.Kh6 Rg4 71.h5 Rxa4 72.Rf8 Rg4 73.Kh7 Bf5+ 74.Kh6 Be6
75.Kh7 Kd6 76.h6 Ke7 77.Rf2 Bf7 78.Kh8 Rg8+ 79.Kh7 Rg6 80.Re2+ Kf8 81.Rf2 Rb6 82.Rf1
Rc6 83.Rf2 Rd6 84.Rf1 Rg6 85.Rf2 Rg1 86.Kh8 Rg8+ 87.Kh7 Rg5 88.Kh8 Ke7 89.h7 Bg6 90.Re2+
Kf6 91.Rf2+ Bf5 92.Rxf5+ Rxf5 93.Kg8 Rg5+ 94.Kf8 Rh5 95.Kg8 Rg5+ 96.Kf8 Rh5 1/2-1/2

[Event "1. Bundesliga 2017/2018"]
[Site "Maria Enzersdorf"]
[Date "2017.11.17"]
[Round "2"]
[Board "6"]
[White "Shengelia, David"]
[Black "Kreisl, Robert"]
[Result "1-0"]
[WhiteElo "2505"]
[BlackElo "2406"]
[PlyCount "117"]
[EventDate "2017.11.16"]
[EventType "team"]
[EventRounds "11"]
[EventCountry "AUT"]
[WhiteTeam "Schachklub Sparkasse Jenbach"]
[BlackTeam "SC MPOE Maria Saal"]

1.d4 d5 2.e3 Nf6 3.Nd2 e6 4.Bd3 c5 5.c3 Be7 6.f4 cxd4 7.exd4 Qc7 8.Ngf3 O-O 9.O-O
b6 10.Qe2 a5 11.Ne5 Ba6 12.Bxa6 Nxa6 13.Rf3 Ne8 14.Rh3 f6 15.Nd3 Qd7 16.Qh5 h6 17.Qg6
Nd6 18.Rxh6 Nf5 19.Qh7+ Kf7 20.Qg6+ Kg8 21.Rh3 Qe8 22.Qh7+ Kf7 23.g4 Nd6 24.Qh5+ Kg8
25.Qh7+ Kf7 26.Nf3 Bd8 27.f5 exf5 28.Bh6 Ke7 29.Re1+ Ne4 30.Qxf5 Nc7 31.Bxg7 Rf7 32.Bh6
Qd7 33.Nd2 Qxf5 34.gxf5 Kd7 35.Nxe4 dxe4 36.Rxe4 Rh7 37.Nf4 Be7 38.Ng6 Bd6 39.Kg2
Nd5 40.c4 Nb4 41.a3 Nc6 42.Bf4 Rxh3 43.Kxh3 Bxf4 44.Rxf4 Re8 45.d5 Re3+ 46.Kg2 Nd8
47.Rf3 Re2+ 48.Rf2 Re4 49.b3 Nf7 50.a4 Nh6 51.Kf3 Re1 52.Kf4 Rg1 53.h3 Kd6 54.Nh4
Rb1 55.Re2 Rf1+ 56.Kg3 Nxf5+ 57.Nxf5+ Rxf5 58.h4 Rf1 59.h5 1-0

[Event "1. Bundesliga 2017/2018"]
[Site "Maria Enzersdorf"]
[Date "2017.11.17"]
[Round "2"]
[Board "1"]
[White "Maslik, Miroslav"]
[Black "Haba, Petr"]
[Result "1/2-1/2"]
[WhiteElo "2347"]
[BlackElo "2454"]
[PlyCount "24"]
[EventDate "2017.11.16"]
[EventType "team"]
[EventRounds "11"]
[EventCountry "AUT"]
[WhiteTeam "ASVOE Pamhagen"]
[BlackTeam "Grieskirchen/Bad Schallerbach"]

1.Nf3 d5 2.g3 Nf6 3.Bg2 c6 4.O-O Bf5 5.c4 e6 6.cxd5 exd5 7.d3 Be7 8.Qb3 Qb6 9.Qc2
Qc5 10.Qb3 Qb6 11.Qc2 Qc5 12.Qb3 Qb6 1/2-1/2